[Event "Leiden LCT op-A 11th"]
[Site "Leiden"]
[Date "2017.07.23"]
[Round "9"]
[White "Hacout, Francois"]
[Black "Veenendaal, Loek"]
[Result "0-1"]
[WhiteElo "1950"]
[BlackElo "1949"]
[PlyCount "60"]
[EventDate "2017.07.14"]
[EventType "swiss"]
[EventRounds "9"]
[EventCountry "NED"]
[SourceTitle "EXT 2018"]
[Source "ChessBase"]
[SourceDate "2017.10.13"]
[SourceVersion "1"]
[SourceVersionDate "2017.10.13"]
[SourceQuality "1"]

1. d4 Nf6 2. Nf3 e6 3. e3 b6 4. Bd3 Bb7 5. 0-0 d5 6. c4 Nbd7 7. Nc3 Be7 8. Qe2 c5 9. cxd5 Nxd5 10. Ba6 Bxa6 11. Qxa6 Nb4 12. Qe2 0-0 13. Rd1 Qc8 14. a3 cxd4 15. exd4 Nc6 16. Bf4 Nf6 17. Rac1 Qb7 18. d5 exd5 19. Nxd5 Nxd5 20. Rxd5 Bf6 21. Rd6 Rfe8 22. Qc2 Ne7 23. Rcd1 Ng6 24. Rd7 Rac8 25. Qb3 Qe4 26. Qxf7+ Kh8 27. Bh6 Rg8 28. Ng5 Qe5 29. Ne6 Nf8 30. Nxf8 Rcxf8 0-1